| 000 | 02114nam0a2200385 4500 | ||
|---|---|---|---|
| 001 | RU\NLR\bibl\806490 | ||
| 005 | 20260406144406.0 | ||
| 010 |
_a5-89308-148-X _bв обл. _95000 |
||
| 021 |
_aRU _b2005-4149 _9204 |
||
| 035 | _aRSL-KNO-002568060 | ||
| 035 | _a(NLR Aleph) 000795608 | ||
| 090 |
_a1149042 _c1149042 |
||
| 100 | _a20050210d2004 |||y0rusy50 ca | ||
| 101 | 0 | _arus | |
| 102 | _aRU | ||
| 105 | _aa ||||||||| | ||
| 106 | _ar | ||
| 200 | 1 |
_aСекреты мастеров _eметодические рекомендации к учебнику по технологии, 4 класс _fд.п.н., проф. Н.М. Конышева |
|
| 210 |
_aСмоленск _cАссоциация XXI век _d2004 _gГУП Смол. полигр. комб. |
||
| 215 |
_a63 с. _cтабл. _d22 |
||
| 225 | 1 | _aУчебно-методический комплект для четырехлетней начальной школы | |
| 225 | 1 | _aТехнология | |
| 225 | 1 |
_aГармония _e4 |
|
| 606 | 1 |
_aТехнология _jМетодические пособия _xПреподавание _xНачальная школа _92234243 _3RU\NLR\auth\661340921 |
|
| 610 | 0 | _aКультура. Наука. Просвещение -- Народное образование. Педагогические науки -- Общеобразовательная школа. Школьная педагогика -- Российская Федерация -- Методика преподавания отдельных учебных предметов -- Ручной труд в 1 - 4 классах -- Дидактика -- Содержание образования -- Учебники и учебные пособия | |
| 686 |
_aЧ426.83,6(2)-215,0 _2rubbk |
||
| 686 | _aЧ426.83-2,01 | ||
| 700 | 1 |
_4070 _7ca _8rus _aКонышева _bН. М. _f1947- _gНаталья Михайловна _3RU\NLR\AUTH\774229 _9114211 |
|
| 801 | 0 |
_aRU _bRuMoRKP _c20050210 _grcr |
|
| 801 | 1 |
_aRU _bRuMoRGB _c20050210 |
|
| 801 | 2 |
_aRU _bNLR _c20050602 _gPSBO |
|
| 942 | _cBOOK | ||
| 980 | _aNB | ||
| 980 | _aNBR | ||